[Event "Eurasia Open Cup 2019"]
[Site "Ekaterinburg"]
[Date "2019.08.02"]
[Round "3.35"]
[White "Mukhina, Jana"]
[Black "Semenova, Elena"]
[Result "1/2-1/2"]
[WhiteElo "2090"]
[BlackElo "2286"]
[Annotator "NA"]
[PlyCount "129"]
[EventDate "2019.07.31"]
[EventType "swiss"]
[EventCountry "RUS"]
[SourceTitle "playchess.com"]
[Source "ChessBase"]
[SourceQuality "1"]
[TimeControl "5400+30"]

1. e4 {[%emt 0:00:00]} e5 {[%emt 0:00:00]} 2. Nf3 {[%emt 0:00:00]} Nc6 {[%emt 0:00:00]} 3. Bb5 {[%emt 0:00:00]} a6 {[%emt 0:00:00]} 4. Bxc6 {[%emt 0:00:00]} dxc6 {[%emt 0:00:00]} 5. O-O {[%emt 0:00:00]} Bd6 {[%emt 0:00:00]} 6. d4 {[%emt 0:00:00]} exd4 {[%emt 0:00:21]} 7. Qxd4 {[%emt 0:00:00]} f6 {[%emt 0:00:29]} 8. Re1 {[%emt 0:01:47]} Ne7 {[%emt 0:00:27]} 9. e5 {[%emt 0:07:46]} fxe5 {[%emt 0:12:24]} 10. Nxe5 {[%emt 0:01:35]} O-O {[%emt 0:05:01]} 11. Bg5 {[%emt 0:02:05]} Qe8 {[%emt 0:06:21]} 12. Nc4 {[%emt 0:29:27]} Nf5 {[%emt 0:12:00]} 13. Rxe8 {[%emt 0:01:19]} Nxd4 {[%emt 0:00:10]} 14. Rxf8+ {[%emt 0:00:47]} Bxf8 {[%emt 0:07:10]} 15. Ne3 {[%emt 0:03:19]} h6 {[%emt 0:03:49]} 16. Bh4 {[%emt 0:24:33]} Nf5 {[%emt 0:05:01]} 17. Bg3 {[%emt 0:05:48]} Nxe3 {[%emt 0:10:15]} 18. fxe3 {[%emt 0:00:00]} Bc5 {[%emt 0:00:17]} 19. Bf2 {[%emt 0:00:45]} Bf5 {[%emt 0:03:37]} 20. Nd2 {[%emt 0:00:53]} Rd8 {[%emt 0:05:43]} 21. Nb3 {[%emt 0:00:47]} Bb6 {[%emt 0:01:00]} 22. c4 {[%emt 0:05:01]} c5 {[%emt 0:08:56]} 23. Be1 {[%emt 0:09:39]} Re8 {[%emt 0:01:24]} 24. Bf2 {[%emt 0:01:12]} Rd8 {[%emt 0:09:14]} 25. Rc1 {[%emt 0:00:12]} a5 {[%emt 0:01:12]} 26. Be1 {[%emt 0:05:01]} a4 {[%emt 0:00:34]} 27. Na1 {[%emt 0:00:17]} c6 {[%emt 0:04:01]} 28. Nc2 {[%emt 0:00:43]} Bc7 {[%emt 0:00:51]} 29. Bc3 {[%emt 0:01:01]} b5 {[%emt 0:01:12]} 30. a3 {[%emt 0:00:00]} Bd3 {[%emt 0:01:19]} 31. cxb5 {[%emt 0:00:16]} cxb5 {[%emt 0:00:00]} 32. Ne1 {[%emt 0:00:16]} Be4 {[%emt 0:00:00]} 33. Nf3 {[%emt 0:00:31]} Rd3 {[%emt 0:02:01]} 34. Kf2 {[%emt 0:00:57]} Bb6 {[%emt 0:00:42]} 35. Ke2 {[%emt 0:00:21]} Rd8 {[%emt 0:00:44]} 36. Rd1 {[%emt 0:00:34]} Rxd1 {[%emt 0:01:09]} 37. Kxd1 {[%emt 0:00:01]} Bc7 {[%emt 0:00:00]} 38. h3 {[%emt 0:01:27]} Bd6 {[%emt 0:00:00]} 39. Ke2 {[%emt 0:00:08]} b4 {[%emt 0:00:17]} 40. Bd2 {[%emt 0:00:28]} Kf7 {[%emt 0:00:13]} 41. Ne1 {[%emt 0:00:28]} Ke6 {[%emt 0:01:16]} 42. axb4 {[%emt 0:00:34]} cxb4 {[%emt 0:00:25]} 43. Nd3 {[%emt 0:00:28]} Bxg2 {[%emt 0:00:07]} 44. Bxb4 {[%emt 0:00:16]} Bxb4 {[%emt 0:01:11]} 45. Nf4+ {[%emt 0:00:46]} Ke5 {[%emt 0:00:25]} 46. Nxg2 {[%emt 0:00:06]} g5 {[%emt 0:00:35]} 47. Kd3 {[%emt 0:00:00]} Kd5 {[%emt 0:00:16]} 48. e4+ {[%emt 0:00:52]} Ke5 {[%emt 0:00:47]} 49. Ne3 {[%emt 0:00:49]} Bf8 {[%emt 0:00:03]} 50. Ng4+ {[%emt 0:00:19]} Kf4 {[%emt 0:00:10]} 51. Kd4 {[%emt 0:00:27]} Bg7+ {[%emt 0:00:33]} 52. e5 {[%emt 0:00:58]} h5 {[%emt 0:00:20]} 53. Nf6 {[%emt 0:00:01]} Kf5 {[%emt 0:01:14]} 54. Nd7 {[%emt 0:00:01]} g4 {[%emt 0:00:05]} 55. hxg4+ {[%emt 0:00:17]} hxg4 {[%emt 0:00:51]} 56. Kd5 {[%emt 0:00:01]} g3 {[%emt 0:00:28]} 57. e6 {[%emt 0:00:36]} Bf6 {[%emt 0:00:39]} 58. Nxf6 {[%emt 0:00:09]} Kxf6 {[%emt 0:00:40]} 59. Kd6 {[%emt 0:00:32]} g2 {[%emt 0:00:23]} 60. e7 {[%emt 0:00:04]} g1=Q {[%emt 0:00:13]} 61. e8=Q {[%emt 0:00:14]} Qg3+ {[%emt 0:00:14]} 62. Kd5 {[%emt 0:00:13]} Qb3+ {[%emt 0:00:45]} 63. Kc5 {[%emt 0:01:10]} Qc2+ {[%emt 0:00:21]} 64. Kb4 {[%emt 0:00:13]} Qxb2+ {[%emt 0:00:57]} 65. Kxa4 {[%emt 0:01:11]} 1/2-1/2

[Event "Eurasia Open Cup 2019"]
[Site "Ekaterinburg"]
[Date "2019.08.02"]
[Round "3.36"]
[White "Karpeshov, Oleg"]
[Black "Abramov, Ilya"]
[Result "1/2-1/2"]
[WhiteElo "2286"]
[BlackElo "2065"]
[Annotator "NA"]
[PlyCount "93"]
[EventDate "2019.07.31"]
[EventType "swiss"]
[EventCountry "RUS"]
[SourceTitle "playchess.com"]
[Source "ChessBase"]
[SourceQuality "1"]
[TimeControl "5400+30"]

1. e4 {[%emt 0:00:00]} e6 {[%emt 0:00:50]} 2. d4 {[%emt 0:00:21]} d5 {[%emt 0:00:10]} 3. Nd2 {[%emt 0:00:10]} Nf6 {[%emt 0:00:15]} 4. e5 {[%emt 0:00:10]} Nfd7 {[%emt 0:00:06]} 5. f4 {[%emt 0:00:10]} c5 {[%emt 0:00:20]} 6. c3 {[%emt 0:00:05]} cxd4 {[%emt 0:00:40]} 7. cxd4 {[%emt 0:00:15]} Nc6 {[%emt 0:00:30]} 8. Ndf3 {[%emt 0:00:15]} Qb6 {[%emt 0:08:34]} 9. g3 {[%emt 0:00:30]} Bb4+ {[%emt 0:00:56]} 10. Kf2 {[%emt 0:00:20]} O-O {[%emt 0:03:16]} 11. Kg2 {[%emt 0:00:25]} f6 {[%emt 0:02:19]} 12. Bd3 {[%emt 0:00:31]} Kh8 {[%emt 0:09:16]} 13. Bb1 {[%emt 0:01:10]} Rd8 {[%emt 0:02:29]} 14. h4 {[%emt 0:01:00]} Be7 {[%emt 0:04:28]} 15. h5 {[%emt 0:00:54]} Nf8 {[%emt 0:01:09]} 16. Ne2 {[%emt 0:07:32]} Bd7 {[%emt 0:01:50]} 17. g4 {[%emt 0:07:49]} Rac8 {[%emt 0:02:05]} 18. b3 {[%emt 0:10:04]} Nb4 {[%emt 0:07:48]} 19. exf6 {[%emt 0:06:19]} Bxf6 {[%emt 0:01:18]} 20. g5 {[%emt 0:00:27]} Be7 {[%emt 0:00:39]} 21. Ne5 {[%emt 0:03:49]} Be8 {[%emt 0:03:01]} 22. Be3 {[%emt 0:03:40]} Qc7 {[%emt 0:04:46]} 23. Qd2 {[%emt 0:03:10]} Nc2 {[%emt 0:00:15]} 24. Rc1 {[%emt 0:00:14]} Nxe3+ {[%emt 0:00:58]} 25. Qxe3 {[%emt 0:00:14]} Qb6 {[%emt 0:01:31]} 26. Rh1 {[%emt 0:00:30]} Bd6 {[%emt 0:10:24]} 27. f5 {[%emt 0:03:17]} Bxe5 {[%emt 0:00:22]} 28. Qxe5 {[%emt 0:00:13]} Qd6 {[%emt 0:00:09]} 29. Nf4 {[%emt 0:06:45]} Qxe5 {[%emt 0:02:27]} 30. dxe5 {[%emt 0:00:09]} d4 {[%emt 0:19:12]} 31. Kf2 {[%emt 0:00:44]} Rc5 {[%emt 0:02:20]} 32. Re1 {[%emt 0:01:10]} Bc6 {[%emt 0:01:25]} 33. Bd3 {[%emt 0:06:56]} exf5 {[%emt 0:00:50]} 34. e6 {[%emt 0:00:25]} Re8 {[%emt 0:00:37]} 35. Rad1 {[%emt 0:00:17]} Rc3 {[%emt 0:01:49]} 36. Re5 {[%emt 0:00:35]} g6 {[%emt 0:01:30]} 37. h6 {[%emt 0:00:24]} b6 {[%emt 0:04:11]} 38. b4 {[%emt 0:01:37]} Ra3 {[%emt 0:00:25]} 39. Rd2 {[%emt 0:00:11]} Re7 {[%emt 0:00:32]} 40. Be2 {[%emt 0:00:22]} Re3 {[%emt 0:00:12]} 41. Rxe3 {[%emt 0:01:06]} dxe3+ {[%emt 0:00:02]} 42. Kxe3 {[%emt 0:00:33]} Nxe6 {[%emt 0:00:07]} 43. Nxe6 {[%emt 0:00:20]} Rxe6+ {[%emt 0:00:00]} 44. Kf2 {[%emt 0:00:11]} Re8 {[%emt 0:01:11]} 45. b5 {[%emt 0:00:33]} Be4 {[%emt 0:01:43]} 46. Rd7 {[%emt 0:01:16]} Rc8 {[%emt 0:01:04]} 47. Ke3 {[%emt 0:00:25]} 1/2-1/2

[Event "Eurasia Open Cup 2019"]
[Site "Ekaterinburg"]
[Date "2019.08.02"]
[Round "3.37"]
[White "Bogachkova, Alena"]
[Black "Pogorelskikh, Sergey"]
[Result "0-1"]
[WhiteElo "2085"]
[BlackElo "2284"]
[Annotator "NA"]
[PlyCount "78"]
[EventDate "2019.07.31"]
[EventType "swiss"]
[EventCountry "RUS"]
[SourceTitle "playchess.com"]
[Source "ChessBase"]
[SourceQuality "1"]
[TimeControl "5400+30"]

1. e4 {[%emt 0:04:51]} c5 {[%emt 0:00:00]} 2. Ne2 {[%emt 0:00:26]} Nc6 {[%emt 0:01:05]} 3. d4 {[%emt 0:00:27]} cxd4 {[%emt 0:00:08]} 4. Nxd4 {[%emt 0:00:02]} Nf6 {[%emt 0:00:00]} 5. Nc3 {[%emt 0:00:05]} d6 {[%emt 0:00:08]} 6. Bg5 {[%emt 0:03:00]} e6 {[%emt 0:02:48]} 7. Qd2 {[%emt 0:01:29]} a6 {[%emt 0:00:05]} 8. O-O-O {[%emt 0:01:55]} Bd7 {[%emt 0:02:11]} 9. f4 {[%emt 0:05:29]} b5 {[%emt 0:04:56]} 10. Nf3 {[%emt 0:32:47]} b4 {[%emt 0:07:00]} 11. Nd5 {[%emt 0:03:56]} exd5 {[%emt 0:10:39]} 12. exd5 {[%emt 0:00:04]} Ne7 {[%emt 0:01:17]} 13. Bxf6 {[%emt 0:05:08]} gxf6 {[%emt 0:00:27]} 14. Qxb4 {[%emt 0:00:52]} Qc7 {[%emt 0:06:13]} 15. c4 {[%emt 0:13:38]} Bh6 {[%emt 0:04:23]} 16. g3 {[%emt 0:00:34]} O-O {[%emt 0:00:10]} 17. Qc3 {[%emt 0:09:53]} Bg7 {[%emt 0:01:33]} 18. h3 {[%emt 0:01:02]} Rab8 {[%emt 0:06:03]} 19. Rh2 {[%emt 0:04:41]} f5 {[%emt 0:05:11]} 20. Nd4 {[%emt 0:01:16]} Qb6 {[%emt 0:01:29]} 21. Rc2 {[%emt 0:02:55]} Rfc8 {[%emt 0:00:55]} 22. Bg2 {[%emt 0:01:51]} Bb5 {[%emt 0:05:01]} 23. b3 {[%emt 0:01:52]} Qc5 {[%emt 0:00:11]} 24. Rd3 {[%emt 0:01:22]} Bd7 {[%emt 0:09:19]} 25. Kd1 {[%emt 0:00:26]} Kf8 {[%emt 0:00:48]} 26. Bf3 {[%emt 0:00:06]} Ng8 {[%emt 0:02:42]} 27. Qd2 {[%emt 0:01:45]} Nf6 {[%emt 0:00:06]} 28. Nc6 {[%emt 0:00:39]} Bxc6 {[%emt 0:19:15]} 29. dxc6 {[%emt 0:00:06]} Rxc6 {[%emt 0:03:39]} 30. Bxc6 {[%emt 0:01:05]} Qxc6 {[%emt 0:00:06]} 31. Rxd6 {[%emt 0:00:10]} Qf3+ {[%emt 0:00:30]} 32. Kc1 {[%emt 0:00:14]} Re8 {[%emt 0:00:38]} 33. Rd8 {[%emt 0:00:39]} Ne4 {[%emt 0:03:51]} 34. Rxe8+ {[%emt 0:00:04]} Kxe8 {[%emt 0:00:05]} 35. Qe2 {[%emt 0:00:37]} Qxg3 {[%emt 0:01:23]} 36. c5 {[%emt 0:01:46]} Qg1+ {[%emt 0:02:03]} 37. Qd1 {[%emt 0:00:00]} Qe3+ {[%emt 0:00:06]} 38. Kb1 {[%emt 0:00:17]} Nc3+ {[%emt 0:00:10]} 39. Rxc3 {[%emt 0:00:10]} Qxc3 {[%emt 0:00:07]} 0-1

[Event "Eurasia Open Cup 2019"]
[Site "Ekaterinburg"]
[Date "2019.08.02"]
[Round "3.38"]
[White "Tsybikov, Tumen"]
[Black "Lysenko, Maria"]
[Result "1-0"]
[WhiteElo "2281"]
[BlackElo "2064"]
[Annotator "NA"]
[PlyCount "109"]
[EventDate "2019.07.31"]
[EventType "swiss"]
[EventCountry "RUS"]
[SourceTitle "playchess.com"]
[Source "ChessBase"]
[SourceQuality "1"]
[TimeControl "5400+30"]

1. e4 {[%emt 0:00:00]} c5 {[%emt 0:00:00]} 2. Nf3 {[%emt 0:00:00]} Nc6 {[%emt 0:00:00]} 3. d4 {[%emt 0:00:00]} cxd4 {[%emt 0:00:00]} 4. Nxd4 {[%emt 0:00:00]} e5 {[%emt 0:00:00]} 5. Nb5 {[%emt 0:00:00]} d6 {[%emt 0:00:00]} 6. N1c3 {[%emt 0:00:00]} a6 {[%emt 0:00:00]} 7. Na3 {[%emt 0:00:00]} b5 {[%emt 0:00:00]} 8. Nd5 {[%emt 0:00:17]} Nf6 {[%emt 0:00:00]} 9. Bg5 {[%emt 0:00:59]} Be7 {[%emt 0:00:00]} 10. Bxf6 {[%emt 0:00:05]} Bxf6 {[%emt 0:00:00]} 11. c3 {[%emt 0:00:26]} Bg5 {[%emt 0:00:00]} 12. Nc2 {[%emt 0:02:44]} Ne7 {[%emt 0:00:00]} 13. h4 {[%emt 0:19:33]} Bh6 {[%emt 0:00:18]} 14. Ncb4 {[%emt 0:01:23]} O-O {[%emt 0:00:24]} 15. g3 {[%emt 0:03:12]} a5 {[%emt 0:04:19]} 16. Nxe7+ {[%emt 0:01:44]} Qxe7 {[%emt 0:00:02]} 17. Nd5 {[%emt 0:00:08]} Qb7 {[%emt 0:00:48]} 18. Qb3 {[%emt 0:12:22]} Rb8 {[%emt 0:06:37]} 19. Bh3 {[%emt 0:08:07]} Be6 {[%emt 0:08:03]} 20. Rd1 {[%emt 0:06:20]} Kh8 {[%emt 0:00:40]} 21. Qc2 {[%emt 0:09:00]} Qd7 {[%emt 0:05:50]} 22. Bg2 {[%emt 0:04:34]} f5 {[%emt 0:02:26]} 23. exf5 {[%emt 0:01:26]} Bxf5 {[%emt 0:00:43]} 24. Be4 {[%emt 0:00:39]} Bxe4 {[%emt 0:05:13]} 25. Qxe4 {[%emt 0:00:17]} Qf7 {[%emt 0:02:07]} 26. O-O {[%emt 0:00:19]} g6 {[%emt 0:02:57]} 27. Kg2 {[%emt 0:00:31]} Qf5 {[%emt 0:04:46]} 28. Qxf5 {[%emt 0:01:24]} gxf5 {[%emt 0:07:01]} 29. Ne7 {[%emt 0:03:58]} Rf6 {[%emt 0:18:29]} 30. Nc6 {[%emt 0:04:04]} Rc8 {[%emt 0:04:55]} 31. Nxa5 {[%emt 0:01:04]} Ra8 {[%emt 0:01:11]} 32. Nb7 {[%emt 0:03:51]} Bf8 {[%emt 0:00:02]} 33. Rd5 {[%emt 0:01:17]} Rf7 {[%emt 0:08:59]} 34. Nxd6 {[%emt 0:01:31]} Rd7 {[%emt 0:02:03]} 35. Rfd1 {[%emt 0:01:35]} Bxd6 {[%emt 0:01:08]} 36. Rxd6 {[%emt 0:00:00]} Rxd6 {[%emt 0:00:14]} 37. Rxd6 {[%emt 0:00:00]} Rxa2 {[%emt 0:00:04]} 38. Rd5 {[%emt 0:00:01]} Rxb2 {[%emt 0:00:02]} 39. Rxe5 {[%emt 0:00:37]} f4 {[%emt 0:01:06]} 40. g4 {[%emt 0:00:06]} Rb3 {[%emt 0:00:27]} 41. Rc5 {[%emt 0:01:57]} Kg7 {[%emt 0:00:59]} 42. Kf3 {[%emt 0:01:36]} b4 {[%emt 0:00:35]} 43. Kxf4 {[%emt 0:01:12]} bxc3 {[%emt 0:00:00]} 44. Kg5 {[%emt 0:00:08]} Rb2 {[%emt 0:00:00]} 45. f4 {[%emt 0:02:29]} c2 {[%emt 0:00:37]} 46. Rc7+ {[%emt 0:00:12]} Kg8 {[%emt 0:00:02]} 47. f5 {[%emt 0:00:23]} Ra2 {[%emt 0:00:47]} 48. Kh6 {[%emt 0:00:11]} Ra6+ {[%emt 0:00:53]} 49. Kh5 {[%emt 0:00:22]} Ra2 {[%emt 0:00:09]} 50. g5 {[%emt 0:00:36]} Rb2 {[%emt 0:00:16]} 51. Kh6 {[%emt 0:00:00]} Rb6+ {[%emt 0:01:10]} 52. g6 {[%emt 0:00:50]} Rb8 {[%emt 0:00:45]} 53. Rxc2 {[%emt 0:00:00]} Rf8 {[%emt 0:01:06]} 54. h5 {[%emt 0:00:02]} hxg6 {[%emt 0:00:57]} 55. hxg6 {[%emt 0:01:19]} 1-0

[Event "Eurasia Open Cup 2019"]
[Site "Ekaterinburg"]
[Date "2019.08.02"]
[Round "3.39"]
[White "Karpytchev, Vladimir"]
[Black "Isanzhulov, Arystan"]
[Result "0-1"]
[WhiteElo "2043"]
[BlackElo "2278"]
[Annotator "NA"]
[PlyCount "99"]
[EventDate "2019.07.31"]
[EventType "swiss"]
[EventCountry "RUS"]
[SourceTitle "playchess.com"]
[Source "ChessBase"]
[SourceQuality "1"]
[TimeControl "5400+30"]

1. e4 {[%emt 0:00:00]} Nc6 {[%emt 0:08:08]} 2. Nf3 {[%emt 0:05:45]} d5 {[%emt 0:03:27]} 3. exd5 {[%emt 0:02:23]} Qxd5 {[%emt 0:00:05]} 4. Nc3 {[%emt 0:00:04]} Qa5 {[%emt 0:04:55]} 5. d4 {[%emt 0:07:15]} Nf6 {[%emt 0:14:13]} 6. Bb5 {[%emt 0:09:45]} Bd7 {[%emt 0:00:22]} 7. O-O {[%emt 0:07:14]} O-O-O {[%emt 0:12:44]} 8. Qe2 {[%emt 0:02:35]} a6 {[%emt 0:10:28]} 9. Bxc6 {[%emt 0:04:44]} Bxc6 {[%emt 0:01:26]} 10. Ne5 {[%emt 0:02:44]} Be8 {[%emt 0:02:42]} 11. Be3 {[%emt 0:00:29]} e6 {[%emt 0:06:12]} 12. a3 {[%emt 0:01:09]} Nd5 {[%emt 0:04:33]} 13. Ne4 {[%emt 0:05:45]} f6 {[%emt 0:04:02]} 14. b4 {[%emt 0:00:18]} Qa4 {[%emt 0:03:56]} 15. Nd3 {[%emt 0:01:58]} Bg6 {[%emt 0:02:53]} 16. Nec5 {[%emt 0:02:31]} Bxc5 {[%emt 0:00:10]} 17. Nxc5 {[%emt 0:00:00]} Qxc2 {[%emt 0:01:14]} 18. Qxc2 {[%emt 0:00:30]} Bxc2 {[%emt 0:00:04]} 19. Nxe6 {[%emt 0:00:22]} Rd6 {[%emt 0:02:57]} 20. Nc5 {[%emt 0:03:07]} g5 {[%emt 0:03:20]} 21. Rac1 {[%emt 0:00:33]} Bg6 {[%emt 0:02:12]} 22. Rfe1 {[%emt 0:04:36]} Kb8 {[%emt 0:00:05]} 23. Bd2 {[%emt 0:00:16]} Ka7 {[%emt 0:03:56]} 24. f3 {[%emt 0:02:44]} Rc6 {[%emt 0:01:01]} 25. Kf2 {[%emt 0:02:04]} b6 {[%emt 0:03:29]} 26. Ne4 {[%emt 0:00:12]} Rxc1 {[%emt 0:02:01]} 27. Bxc1 {[%emt 0:04:05]} Rd8 {[%emt 0:00:00]} 28. g3 {[%emt 0:00:12]} Kb7 {[%emt 0:01:19]} 29. Bb2 {[%emt 0:00:34]} Bxe4 {[%emt 0:01:06]} 30. fxe4 {[%emt 0:01:11]} Ne7 {[%emt 0:01:19]} 31. Ke3 {[%emt 0:00:31]} f5 {[%emt 0:00:00]} 32. Rf1 {[%emt 0:01:04]} Re8 {[%emt 0:00:00]} 33. e5 {[%emt 0:03:50]} Kc6 {[%emt 0:00:01]} 34. Rc1+ {[%emt 0:00:14]} Kd7 {[%emt 0:01:03]} 35. Kd3 {[%emt 0:01:09]} b5 {[%emt 0:00:04]} 36. Rf1 {[%emt 0:00:18]} Ke6 {[%emt 0:00:56]} 37. g4 {[%emt 0:03:58]} Rf8 {[%emt 0:01:15]} 38. Bc1 {[%emt 0:00:57]} h6 {[%emt 0:00:00]} 39. h4 {[%emt 0:02:40]} gxh4 {[%emt 0:00:00]} 40. Bxh6 {[%emt 0:01:32]} Rg8 {[%emt 0:00:30]} 41. gxf5+ {[%emt 0:04:27]} Nxf5 {[%emt 0:00:42]} 42. Bf4 {[%emt 0:01:33]} Rg4 {[%emt 0:00:05]} 43. Rf2 {[%emt 0:00:48]} Kd5 {[%emt 0:01:35]} 44. e6 {[%emt 0:01:50]} Kxe6 {[%emt 0:00:20]} 45. Ke4 {[%emt 0:00:56]} c6 {[%emt 0:00:15]} 46. Kf3 {[%emt 0:00:09]} Rg8 {[%emt 0:00:32]} 47. Be5 {[%emt 0:00:44]} Kd5 {[%emt 0:00:27]} 48. Rc2 {[%emt 0:00:09]} Ke6 {[%emt 0:00:53]} 49. Re2 {[%emt 0:00:44]} Kf7 {[%emt 0:00:28]} 50. Bf4 {[%emt 0:00:44]} 0-1

[Event "Eurasia Open Cup 2019"]
[Site "Ekaterinburg"]
[Date "2019.08.02"]
[Round "3.40"]
[White "Protopopova, Anastasiya"]
[Black "Kozlov, Denis"]
[Result "1-0"]
[WhiteElo "2272"]
[BlackElo "2013"]
[Annotator "NA"]
[PlyCount "55"]
[EventDate "2019.07.31"]
[EventType "swiss"]
[EventCountry "RUS"]
[SourceTitle "playchess.com"]
[Source "ChessBase"]
[SourceQuality "1"]
[TimeControl "5400+30"]

1. d4 {[%emt 0:00:00]} Nf6 {[%emt 0:00:00]} 2. c4 {[%emt 0:00:00]} e6 {[%emt 0:00:00]} 3. g3 {[%emt 0:00:00]} c5 {[%emt 0:00:00]} 4. d5 {[%emt 0:00:00]} exd5 {[%emt 0:00:00]} 5. cxd5 {[%emt 0:00:00]} d6 {[%emt 0:00:00]} 6. Nc3 {[%emt 0:00:00]} g6 {[%emt 0:00:00]} 7. Bg2 {[%emt 0:00:05]} Bg7 {[%emt 0:00:00]} 8. Nf3 {[%emt 0:00:11]} O-O {[%emt 0:00:05]} 9. O-O {[%emt 0:00:00]} Re8 {[%emt 0:00:05]} 10. Bf4 {[%emt 0:00:05]} Ne4 {[%emt 0:00:05]} 11. Nxe4 {[%emt 0:04:11]} Rxe4 {[%emt 0:00:05]} 12. Nd2 {[%emt 0:00:05]} Rxf4 {[%emt 0:00:10]} 13. gxf4 {[%emt 0:00:00]} Bxb2 {[%emt 0:00:10]} 14. Rb1 {[%emt 0:00:00]} Bg7 {[%emt 0:00:10]} 15. Qb3 {[%emt 0:00:00]} Na6 {[%emt 0:02:16]} 16. e4 {[%emt 0:00:05]} Rb8 {[%emt 0:09:58]} 17. Qg3 {[%emt 0:03:36]} Qc7 {[%emt 0:11:40]} 18. Rfe1 {[%emt 0:04:43]} b5 {[%emt 0:05:27]} 19. e5 {[%emt 0:03:00]} Bf5 {[%emt 0:03:58]} 20. Be4 {[%emt 0:21:05]} Qd7 {[%emt 0:27:40]} 21. Rbd1 {[%emt 0:06:39]} Rc8 {[%emt 0:09:04]} 22. Bxf5 {[%emt 0:02:56]} gxf5 {[%emt 0:00:45]} 23. Nf3 {[%emt 0:01:04]} Nc7 {[%emt 0:06:41]} 24. Kh1 {[%emt 0:11:15]} Kh8 {[%emt 0:01:23]} 25. exd6 {[%emt 0:03:20]} Qxd6 {[%emt 0:01:14]} 26. Ne5 {[%emt 0:00:51]} Kg8 {[%emt 0:03:55]} 27. Nc6 {[%emt 0:03:05]} Re8 {[%emt 0:02:19]} 28. Rg1 {[%emt 0:00:53]} 1-0

[Event "Eurasia Open Cup 2019"]
[Site "Ekaterinburg"]
[Date "2019.08.02"]
[Round "3.41"]
[White "Fedorov, Ivan"]
[Black "Mamatov, Melis"]
[Result "0-1"]
[WhiteElo "1997"]
[BlackElo "2269"]
[Annotator "NA"]
[PlyCount "66"]
[EventDate "2019.07.31"]
[EventType "swiss"]
[EventCountry "RUS"]
[SourceTitle "playchess.com"]
[Source "ChessBase"]
[SourceQuality "1"]
[TimeControl "5400+30"]

1. Nf3 {[%emt 0:00:00]} d5 {[%emt 0:00:00]} 2. g3 {[%emt 0:00:06]} Nf6 {[%emt 0:00:29]} 3. Bg2 {[%emt 0:00:10]} Bf5 {[%emt 0:00:20]} 4. O-O {[%emt 0:04:21]} Nc6 {[%emt 0:00:31]} 5. b4 {[%emt 0:06:41]} Nxb4 {[%emt 0:01:22]} 6. Nd4 {[%emt 0:00:26]} Bd7 {[%emt 0:00:21]} 7. c4 {[%emt 0:03:39]} Nc6 {[%emt 0:05:52]} 8. Bb2 {[%emt 0:01:01]} e6 {[%emt 0:01:16]} 9. Nc2 {[%emt 0:06:58]} Be7 {[%emt 0:00:45]} 10. Nc3 {[%emt 0:01:01]} dxc4 {[%emt 0:00:40]} 11. e4 {[%emt 0:00:25]} Ne5 {[%emt 0:00:56]} 12. Rb1 {[%emt 0:16:53]} Nd3 {[%emt 0:01:40]} 13. Ne3 {[%emt 0:09:11]} e5 {[%emt 0:15:45]} 14. Ba1 {[%emt 0:02:26]} b6 {[%emt 0:06:36]} 15. Nxc4 {[%emt 0:01:59]} Be6 {[%emt 0:02:19]} 16. Nxe5 {[%emt 0:05:18]} Nxe5 {[%emt 0:01:05]} 17. d4 {[%emt 0:00:24]} Ng6 {[%emt 0:09:02]} 18. h3 {[%emt 0:03:08]} O-O {[%emt 0:07:09]} 19. f4 {[%emt 0:02:05]} Bc4 {[%emt 0:00:19]} 20. Rf2 {[%emt 0:01:21]} Re8 {[%emt 0:00:58]} 21. f5 {[%emt 0:02:41]} Nf8 {[%emt 0:00:52]} 22. Rbb2 {[%emt 0:15:19]} c5 {[%emt 0:01:18]} 23. Rbd2 {[%emt 0:03:16]} cxd4 {[%emt 0:02:28]} 24. Rxd4 {[%emt 0:00:00]} Qc7 {[%emt 0:00:09]} 25. e5 {[%emt 0:01:17]} Rad8 {[%emt 0:01:25]} 26. exf6 {[%emt 0:03:48]} Rxd4 {[%emt 0:01:40]} 27. Qxd4 {[%emt 0:00:25]} Bxf6 {[%emt 0:00:17]} 28. Qd1 {[%emt 0:05:20]} Qxg3 {[%emt 0:00:13]} 29. Bb2 {[%emt 0:02:39]} Bd4 {[%emt 0:00:17]} 30. Ne4 {[%emt 0:00:39]} Bxf2+ {[%emt 0:00:09]} 31. Nxf2 {[%emt 0:00:05]} Re2 {[%emt 0:00:08]} 32. Bd4 {[%emt 0:00:38]} Bd5 {[%emt 0:00:25]} 33. Qf1 {[%emt 0:00:29]} Re1 {[%emt 0:00:04]} 0-1

[Event "Eurasia Open Cup 2019"]
[Site "Ekaterinburg"]
[Date "2019.08.02"]
[Round "3.42"]
[White "Garifullina, Leya"]
[Black "Makhrov, Alexander"]
[Result "1-0"]
[WhiteElo "2268"]
[BlackElo "1994"]
[Annotator "ChessBase"]
[PlyCount "55"]
[EventDate "2019.07.31"]
[EventType "swiss"]
[EventCountry "RUS"]
[SourceTitle "playchess.com"]
[Source "ChessBase"]
[SourceQuality "1"]
[TimeControl "5400+30"]

1. e4 {[%emt 0:00:00]} c5 {[%emt 0:00:00]} 2. Nf3 {[%emt 0:00:00]} d6 {[%emt 0:00:00]} 3. d4 {[%emt 0:00:00]} cxd4 {[%emt 0:00:00]} 4. Nxd4 {[%emt 0:00:00]} Nf6 {[%emt 0:00:00]} 5. Nc3 {[%emt 0:00:00]} g6 {[%emt 0:00:05]} 6. Be3 {[%emt 0:00:10]} Bg7 {[%emt 0:00:05]} 7. f3 {[%emt 0:00:05]} Nc6 {[%emt 0:00:30]} 8. Qd2 {[%emt 0:01:02]} O-O {[%emt 0:00:10]} 9. O-O-O {[%emt 0:00:21]} Nxd4 {[%emt 0:03:45]} 10. Bxd4 {[%emt 0:00:10]} Be6 {[%emt 0:00:10]} 11. Kb1 {[%emt 0:00:40]} Re8 {[%emt 0:03:29]} 12. Bb5 {[%emt 0:01:41]} Nd7 {[%emt 0:05:01]} 13. Bxg7 {[%emt 0:00:25]} Kxg7 {[%emt 0:00:05]} 14. g4 {[%emt 0:03:06]} a6 {[%emt 0:02:38]} 15. Be2 {[%emt 0:00:51]} Qa5 {[%emt 0:01:36]} 16. h4 {[%emt 0:01:26]} h6 {[%emt 0:00:20]} 17. f4 {[%emt 0:01:15]} b5 {[%emt 0:10:35]} 18. h5 {[%emt 0:02:27]} Rh8 {[%emt 0:14:15]} 19. Qd4+ {[%emt 0:03:20]} f6 {[%emt 0:02:43]} 20. hxg6 {[%emt 0:00:20]} b4 {[%emt 0:01:24]} 21. Nd5 {[%emt 0:01:00]} Bxd5 {[%emt 0:13:44]} 22. exd5 {[%emt 0:01:51]} Nc5 {[%emt 0:01:20]} 23. Qe3 {[%emt 0:02:35]} Qc7 {[%emt 0:02:21]} 24. f5 {[%emt 0:00:15]} Na4 {[%emt 0:09:52]} 25. Bc4 {[%emt 0:05:58]} Qa7 {[%emt 0:04:25]} 26. Qe6 {[%emt 0:02:50]} Rhf8 {[%emt 0:06:08]} 27. g5 {[%emt 0:00:31]} fxg5 {[%emt 0:03:20]} 28. Rxh6 {[%emt 0:00:20]} 1-0